Papers in Meteorology and Geophysics | Vol 29, Nº 4 (Record no. 32730)
[ view plain ]
| 000 -Cabeçalho | |
|---|---|
| Cabeçalho | 00408nam 22001453 4500 |
| 001 - Identificador do registo | |
| Identificador do registo | 32730 |
| 090 ## - Número de controle KOHA | |
| Número biblioitem KOHA | 32730 |
| 100 ## - Dados gerais de processamento | |
| Dados gerais de processamento | 20260416d u||y0pory50 ba |
| 101 ## - Língua da publicação | |
| Língua do texto, banda sonora, etc. | Inglês |
| 200 ## - Título e menção de responsabilidade | |
| Título próprio | Papers in Meteorology and Geophysics |
| Informação de outro título | Vol 29, Nº 4 |
| Primeira menção de responsabilidade | Meteorological Research Institute |
| 210 ## - Publicação, distribuição, etc. | |
| Lugar da edição, distribuição, etc. | Japan |
| Nome do editor, distribuidor, etc. | Meteorological Research Institute |
| Data da publicação, distribuição, etc. | 1978 |
| 317 ## - Nota de proveniência | |
| Instituição e exemplar a que o campo se aplica | INMG |
| 606 ## - Nome comum usado como assunto | |
| Subdivisão de assunto | Previsão Numérica |
| ID Autoridade | 23786 |
| 801 ## - Fonte de origem | |
| Regras de catalogação | ISBD |
| 942 ## - Informação adicional KOHA | |
| Inibição de acesso no OPAC | Não |
No items available.